In The Third Session Of The Sixth Parliament Of Fourth Republic Of Ghana Report Of The Finance Committee On Concessional Loan Facility Between The Government Of Ghana And The Republic Of Korea Acting Through The Export-Import Bank Of Korea For An Amount Of USD67,23,4000.00 For The Implementation Of The Prestea-Kumasi Power Enhancement Project. (Record no. 4147)

MARC details
000 -LEADER
fixed length control field 00969nam a22001817a 4500
003 - CONTROL NUMBER IDENTIFIER
control field OSt
005 - DATE AND TIME OF LATEST TRANSACTION
control field 20241223140941.0
008 - FIXED-LENGTH DATA ELEMENTS--GENERAL INFORMATION
fixed length control field 240709b |||||||| |||| 00| 0 eng d
041 ## - LANGUAGE CODE
Language code of text/sound track or separate title English
082 ## - DEWEY DECIMAL CLASSIFICATION NUMBER
Classification number PM/CLF/15 Acc. No.10,690
110 ## - MAIN ENTRY--CORPORATE NAME
Corporate name or jurisdiction name as entry element Finance Committee
245 ## - TITLE STATEMENT
Title In The Third Session Of The Sixth Parliament Of Fourth Republic Of Ghana Report Of The Finance Committee On Concessional Loan Facility Between The Government Of Ghana And The Republic Of Korea Acting Through The Export-Import Bank Of Korea For An Amount Of USD67,23,4000.00 For The Implementation Of The Prestea-Kumasi Power Enhancement Project.
260 ## - PUBLICATION, DISTRIBUTION, ETC.
Place of publication, distribution, etc. Accra
Name of publisher, distributor, etc. Parliament Of Ghana
Date of publication, distribution, etc. 2015.
300 ## - PHYSICAL DESCRIPTION
Extent 6p
650 ## - SUBJECT ADDED ENTRY--TOPICAL TERM
Source of heading or term Prestea-Kumasi Power Enhancement Project.
653 ## - INDEX TERM--UNCONTROLLED
Uncontrolled term 1. Concessional loan facility between the government of Ghana and the Republic of Korea 2. Export-Import Bank of Korea 3.Implementation of the Prestea-Kumasi Power Enhancement Project
942 ## - ADDED ENTRY ELEMENTS (KOHA)
Source of classification or shelving scheme Dewey Decimal Classification
Koha item type Committee Reports
Suppress in OPAC No
Holdings
Withdrawn status Lost status Source of classification or shelving scheme Damaged status Not for loan Home library Current library Shelving location Date acquired Total checkouts Full call number Date last seen Copy number Price effective from Koha item type
    Dewey Decimal Classification     Main Library Main Library Open Shelves 23/12/2024   PM/CLF/15 Acc. No.10,690 C1 23/12/2024 1 23/12/2024 Committee Reports
    Dewey Decimal Classification     Main Library Main Library Open Shelves 23/12/2024   PM/CLF/15 Acc. No.10,692 C2 23/12/2024 1 23/12/2024 Committee Reports
©2026  Parliament of Ghana Library - All rights reserved